[Event "Mistrzostwa Polski Juniorow Mlodszych do lat 14 - OOM Zachodniopomorskie 2023"]
[Site "Darlowek"]
[Date "1899-12-30"]
[Round "6.12"]
[White "Rekuc, Patryk"]
[Black "Haladaj, Adam"]
[Result "1-0"]
[WhiteTitle "I"]
[BlackTitle "I"]
[WhiteElo "1852"]
[BlackElo "1614"]

1. e4 c5 2. Nf3 Nc6 3. Bb5 g6 4. Bxc6 dxc6 5. d3 Bg7 6. h3 Nf6 7. Nc3 Nd7 8. O-O
e5 9. Be3 b6 10. Qd2 h6 11. Nh2 Nf8 12. f4 exf4 13. Bxf4 Ne6 14. Be3 Nd4 15. Rae1
Be6 16. b3 Qc7 17. Ne2 Nxe2+ 18. Qxe2 O-O-O 19. Kh1 Bc3 20. Bd2 Bxd2 21. Qxd2
Rde8 22. Qc3 f5 23. Qf6 Qg3 24. Nf3 fxe4 25. Rxe4 Rhf8 26. Qe5 Qxe5 27. Rxe5 Bd5
28. Rxe8+ Rxe8 29. Re1 Rxe1+ 30. Nxe1 b5 31. c4 bxc4 32. bxc4 Be6 33. Kg1 Kc7
34. Kf2 Kd6 35. Ke3 Ke5 36. Nf3+ Kf6 37. Nd2 g5 38. Ne4+ Ke5 39. Nxc5 Bc8 40.
d4+ Kd6 41. Ke4 h5 42. a3 a6 43. Nd3 Ke6 44. Ne5 Bb7 45. Nxc6 Kd6 46. d5 Bxc6
47. dxc6 Kxc6 48. Kf5 Kc5 49. Kxg5 Kxc4 50. Kxh5 a5 51. g4 a4 52. g5 Kb3 53. g6
Kxa3 54. g7 Kb2 55. g8=Q a3 56. Qa8 1-0

[Event "Mistrzostwa Polski Juniorow Mlodszych do lat 14 - OOM Zachodniopomorskie 2023"]
[Site "Darlowek"]
[Date "1899-12-30"]
[Round "6.13"]
[White "Olszewski, Antoni"]
[Black "Micula, Jakub"]
[Result "0-1"]
[WhiteTitle "II+"]
[BlackTitle "I"]
[WhiteElo "1821"]
[BlackElo "1600"]

1. e4 c6 2. c4 d5 3. exd5 cxd5 4. cxd5 Qxd5 5. Nc3 Qa5 6. d4 Nf6 7. Nf3 e6 8. Bd3
Be7 9. O-O O-O 10. Bf4 Nc6 11. a3 a6 12. Ne5 Qd8 13. Nxc6 bxc6 14. Rc1 Bb7 15.
Na4 Nd5 16. Be3 Qc7 17. Nc5 Rfd8 18. Qh5 g6 19. Qf3 a5 20. Rfd1 Rab8 21. Be4 Qb6
22. Nd3 Bd6 23. Ne5 Bxe5 24. Bxd5 cxd5 25. dxe5 d4 26. Bxd4 Bxf3 27. Bxb6 Rxd1+
28. Rxd1 Bxd1 0-1

[Event "Mistrzostwa Polski Juniorow Mlodszych do lat 14 - OOM Zachodniopomorskie 2023"]
[Site "Darlowek"]
[Date "1899-12-30"]
[Round "6.14"]
[White "Nowakowski, Maksymilian"]
[Black "Gawlik, Olivier"]
[Result "0-1"]
[WhiteTitle "I"]
[BlackTitle "II+"]
[WhiteElo "1788"]
[BlackElo "1412"]

1. d4 c5 2. Nf3 Nf6 3. c4 cxd4 4. Nxd4 e5 5. Nb5 d5 6. cxd5 Bc5 7. N5c3 O-O 8.
h3 Qb6 9. e3 Rd8 10. Bc4 Nc6 11. a3 e4 12. b4 Be7 13. Nd2 Ne5 14. Bb2 Nxc4 15.
Nxc4 Qc7 16. Qd4 Be6 17. Nb5 Qc8 18. Qc3 Rxd5 19. Nd4 Rxd4 20. exd4 Bxc4 21. Rc1
b5 22. Qg3 Nd5 23. Kd2 Qf5 24. h4 e3+ 25. Ke1 Qd3 26. Rxc4 Qd2+ 0-1

[Event "Mistrzostwa Polski Juniorow Mlodszych do lat 14 - OOM Zachodniopomorskie 2023"]
[Site "Darlowek"]
[Date "1899-12-30"]
[Round "6.15"]
[White "Butkiewicz, Jan"]
[Black "Karwot, Marek"]
[Result "1-0"]
[WhiteTitle "I"]
[BlackTitle "II+"]
[WhiteElo "1691"]
[BlackElo "1597"]

1. d4 Nf6 2. c4 g6 3. Nc3 d5 4. cxd5 Nxd5 5. e4 Nxc3 6. bxc3 Bg7 7. Bc4 c5 8. Ne2
Nc6 9. Be3 O-O 10. O-O Bg4 11. f3 Bd7 12. Qd2 Qa5 13. Rfd1 Rfd8 14. Rab1 Qa4 15.
Bb5 Qa5 16. Bg5 Kf8 17. Bc4 Qa4 18. Bb3 Qa6 19. d5 Na5 20. d6 f6 21. dxe7+ Kxe7
22. Be3 c4 23. Bc2 Be6 24. Nd4 Rab8 25. Bh6 Bh8 26. Bf4 Rbc8 27. Ba4 b6 28. Bc7
Kf7 29. Bxd8 Rxd8 30. Qf4 Qc8 31. Nxe6 Kxe6 32. Qg4+ f5 33. exf5+ gxf5 34. Re1+
Be5 35. Qg7 Qc5+ 36. Kh1 a6 37. Rxb6+ Rd6 38. Bd7+ 1-0

[Event "Mistrzostwa Polski Juniorow Mlodszych do lat 14 - OOM Zachodniopomorskie 2023"]
[Site "Darlowek"]
[Date "1899-12-30"]
[Round "6.16"]
[White "Rosa, Antoni"]
[Black "Jablonski, Antoni"]
[Result "1/2-1/2"]
[WhiteTitle "I++"]
[BlackTitle "II+"]
[WhiteElo "1643"]
[BlackElo "1567"]

1. c4 Nf6 2. Nc3 e6 3. d4 Bb4 4. a3 Bxc3+ 5. bxc3 O-O 6. Bg5 h6 7. Bh4 Qe7 8. e3
b6 9. Nf3 d6 10. Be2 Nc6 11. O-O Na5 12. e4 e5 13. Nd2 g5 14. Bg3 Nc6 15. d5 Nb8
16. h4 Nbd7 17. Bg4 Nxg4 18. Qxg4 Nf6 19. Qe2 Bg4 20. Qe3 Nh5 21. hxg5 hxg5 22.
Bh2 Kg7 23. f3 Bd7 24. g3 Rh8 25. Rf2 Rag8 26. a4 a5 27. c5 dxc5 28. Nc4 Kf8 29.
Rd1 Rh6 30. d6 cxd6 31. Nxb6 Bc6 32. Nc8 Qc7 33. Nxd6 Bxa4 34. Nf5 Rb6 35. Rfd2
Nf6 36. Ra1 Bd7 37. g4 c4 38. Bxe5 Qxe5 39. Qxb6 Bxf5 40. exf5 Kg7 41. Qd4 Qg3+
42. Rg2 Qxf3 43. Rxa5 Rh8 44. Ra6 Rh6 45. Rxf6 Rxf6 46. Qd2 Qf4 47. Qxf4 gxf4
48. Rf2 Kh6 49. Rxf4 Rc6 50. Re4 Kg5 51. Rd4 Ra6 52. Kf2 Rc6 53. Kf3 Rc5 54. Re4
Rd5 55. Rxc4 Rd3+ 56. Ke4 Rd1 57. Rc7 Re1+ 58. Kd3 f6 59. Rg7+ Kf4 60. Rg6 Ke5
61. g5 Rd1+ 62. Kc4 fxg5 63. Rxg5 Rd8 64. Rh5 Rc8+ 65. Kd3 Rd8+ 66. Kc2 Rc8 67.
Rh1 Kxf5 68. Re1 Kf6 69. Re3 Kf5 70. Re1 Kf6 71. Kb3 Rb8+ 72. Ka4 Ra8+ 73. Kb5
Rb8+ 74. Ka6 Rc8 75. Re3 Kf5 76. Kb7 Rc4 77. Kb6 Kf4 78. Rh3 Ke5 79. Kb5 Rc8 80.
c4 Rb8+ 81. Kc5 Rc8+ 82. Kb4 Kd6 83. c5+ Kc6 84. Rh6+ Kc7 85. Kc4 Rd8 86. Rh7+
Rd7 1/2-1/2

[Event "Mistrzostwa Polski Juniorow Mlodszych do lat 14 - OOM Zachodniopomorskie 2023"]
[Site "Darlowek"]
[Date "1899-12-30"]
[Round "6.17"]
[White "Terkiewicz, Bruno"]
[Black "Jaszczuk, Piotr"]
[Result "0-1"]
[WhiteTitle "I++"]
[BlackTitle "II"]
[WhiteElo "1998"]
[BlackElo "1556"]

1. d4 Nf6 2. c4 g6 3. Nc3 Bg7 4. Nf3 O-O 5. Bg5 h6 6. Bh4 d6 7. e3 Nbd7 8. Be2
c6 9. Qc2 Re8 10. Rd1 Qc7 11. O-O e5 12. Bg3 Nh5 13. dxe5 Nxg3 14. hxg3 dxe5 15.
Ne4 Nf6 16. Nd6 Rd8 17. c5 Ne8 18. Nc4 Be6 19. b4 b6 20. Bd3 bxc5 21. bxc5 Rd5
22. Ncd2 Rad8 23. Nb3 Nf6 24. e4 R5d7 25. Rd2 h5 26. Ng5 Bxb3 27. Qxb3 Bh6 28.
f4 exf4 29. Ne6 fxe6 30. Qxe6+ Kg7 31. e5 Rxd3 32. exf6+ Kh7 33. Rxd3 Rxd3 34.
Re1 Bf8 35. gxf4 Bxc5+ 36. Kh1 Qxf4 37. Qe4 Qxe4 38. Rxe4 Rd1+ 39. Kh2 Bd6+ 40.
g3 Rf1 41. Re6 Bc5 42. Rxc6 Bb6 43. Kh3 Kh6 44. g4 Rf3+ 45. Kg2 hxg4 46. Rc4 Kh5
47. Rc8 Rxf6 48. Re8 Rf2+ 49. Kh1 g3 50. Re5+ g5 51. a4 Rh2# 0-1

[Event "Mistrzostwa Polski Juniorow Mlodszych do lat 14 - OOM Zachodniopomorskie 2023"]
[Site "Darlowek"]
[Date "1899-12-30"]
[Round "6.18"]
[White "Jasiulewicz, Dawid"]
[Black "Rajlich, Vaclav"]
[Result "1/2-1/2"]
[WhiteTitle "I"]
[BlackTitle "I"]
[WhiteElo "1927"]
[BlackElo "1530"]

1. d4 Nf6 2. Nf3 g6 3. c4 Bg7 4. Nc3 O-O 5. e4 d6 6. Be2 e5 7. Be3 exd4 8. Nxd4
Re8 9. f3 c6 10. Bf2 d5 11. exd5 cxd5 12. O-O Nc6 13. c5 Nh5 14. Qd2 Be5 15. g3
Ng7 16. Rad1 Bxd4 17. Bxd4 Nxd4 18. Qxd4 Nf5 19. Qa4 Bd7 20. Bb5 Bxb5 21. Qxb5
Ne3 22. Nxd5 Nxf1 23. Kxf1 Kf8 24. Qb4 a5 25. Qd4 f6 26. Nxf6 Qxd4 27. Rxd4 Re7
28. Kf2 Rc8 29. Ne4 b6 30. Ra4 bxc5 31. Rxa5 Rb7 32. b3 c4 33. bxc4 Rxc4 34. Ke3
Rc2 35. h4 Rcb2 36. a4 R2b3+ 37. Kf2 Rd3 38. g4 Rbb3 39. Ra8+ Ke7 40. Ra7+ Kf8
41. Ra8+ Kg7 1/2-1/2

[Event "Mistrzostwa Polski Juniorow Mlodszych do lat 14 - OOM Zachodniopomorskie 2023"]
[Site "Darlowek"]
[Date "1899-12-30"]
[Round "6.19"]
[White "Gruca, Karol"]
[Black "Stachowiak, Bruno"]
[Result "1/2-1/2"]
[WhiteTitle "II+"]
[BlackTitle "II"]
[WhiteElo "1510"]
[BlackElo "1596"]

1. c4 e5 2. g3 Nc6 3. Bg2 g6 4. Nc3 Bg7 5. Nf3 Nge7 6. O-O d6 7. d3 O-O 8. Rb1
a5 9. a3 f5 10. Bd2 h6 11. b4 axb4 12. axb4 Be6 13. b5 Nd4 14. Ne1 Bc8 15. Nd5
Nxd5 16. Bxd5+ Kh7 17. Nc2 Nxc2 18. Qxc2 Qd7 19. Bg2 c6 20. bxc6 bxc6 21. Rb6
d5 22. cxd5 cxd5 23. Rc6 Rf7 24. Rc1 Bb7 25. Rc5 d4 26. Bxb7 Qxb7 27. Rb1 Qd7
28. Rb6 f4 29. Kg2 Ra1 30. Bc1 Qf5 31. f3 h5 32. Rcc6 fxg3 33. hxg3 g5 34. Qd2
g4 35. f4 exf4 36. Qxf4 Qd5+ 37. Qe4+ Qxe4+ 38. dxe4 Ra2 39. Rb2 Rxb2 40. Bxb2
Re7 41. Rc5 Rxe4 42. Kf2 Be5 43. Bc1 Kg7 44. Ra5 h4 45. gxh4 g3+ 46. Kf3 g2 47.
Kxg2 Rxe2+ 48. Kf3 d3 1/2-1/2

[Event "Mistrzostwa Polski Juniorow Mlodszych do lat 14 - OOM Zachodniopomorskie 2023"]
[Site "Darlowek"]
[Date "1899-12-30"]
[Round "6.20"]
[White "Durzynski, Jan"]
[Black "Wasiluk, Mateusz"]
[Result "1-0"]
[WhiteTitle "I"]
[BlackTitle "II+"]
[WhiteElo "1499"]
[BlackElo "1570"]

1. e4 e6 2. d4 d5 3. Nd2 c5 4. exd5 Qxd5 5. Ngf3 cxd4 6. Bc4 Qd7 7. O-O Nc6 8.
Nb3 a6 9. Nbxd4 Nxd4 10. Qxd4 Qxd4 11. Nxd4 Bc5 12. Rd1 Nf6 13. a4 Bd7 14. Nb3
Ba7 15. Bf4 Rc8 16. Na5 Ne4 17. Be3 Bxe3 18. fxe3 b5 19. axb5 axb5 20. Bd3 Nc5
21. c3 Nxd3 22. Rxd3 Ke7 23. Rad1 Rc7 24. Nb3 Ra8 25. Kf2 b4 26. cxb4 Ba4 27.
R1d2 Bxb3 28. Rxb3 Rc4 29. b5 Rb8 30. Rd4 Rxd4 31. exd4 Kd6 32. Ke3 Kd5 33. Kd3
Rb6 34. Kc3 f5 35. Kb4 Kd6 36. Rc3 Rb8 37. Ka5 Kd5 38. Rc6 Re8 39. Rc7 Kxd4 40.
b6 Ra8+ 41. Kb5 e5 42. b7 Rb8 43. Kc6 e4 44. Rc8 Rxb7 45. Kxb7 e3 46. Rd8+ Kc4
47. Re8 Kd3 48. b4 e2 49. b5 g5 50. b6 f4 51. Kc6 g4 52. b7 f3 53. gxf3 gxf3 54.
b8=Q 1-0

[Event "Mistrzostwa Polski Juniorow Mlodszych do lat 14 - OOM Zachodniopomorskie 2023"]
[Site "Darlowek"]
[Date "1899-12-30"]
[Round "6.21"]
[White "Uhryn, Lukasz"]
[Black "Nocek, Dominik"]
[Result "0-1"]
[WhiteTitle "I"]
[BlackTitle "I"]
[WhiteElo "1455"]
[BlackElo "1501"]

1. e4 e5 2. Nf3 Nc6 3. Bb5 a6 4. Ba4 Nf6 5. O-O Be7 6. d3 b5 7. Bb3 d6 8. a3 O-O
9. Nc3 Na5 10. Ba2 c5 11. Nd5 Nxd5 12. Bxd5 Bb7 13. Bxb7 Nxb7 14. c3 Qc7 15. Be3
f5 16. exf5 Rxf5 17. d4 e4 18. Nd2 d5 19. f3 Bd6 20. h3 Bf4 21. Qe2 Re8 22. Bxf4
Rxf4 23. fxe4 dxe4 24. Rxf4 Qxf4 25. Rf1 Qh4 26. Qe3 Qe7 27. Rf5 cxd4 28. cxd4
Qd7 29. Re5 Rxe5 30. dxe5 Qd3 31. Qf4 Nc5 32. b4 e3 33. Nf3 Ne6 34. Qg4 Qd5 35.
Qg3 Nd4 36. Qg4 Nxf3+ 37. Qxf3 Qxe5 38. Qa8+ Kf7 39. Qf3+ Kg8 40. Qa8+ Kf7 41.
Qf3+ Kg6 42. Qg4+ Kh6 43. Qh4+ Qh5 44. Qf4+ Qg5 45. Qe4 Qg3 46. Qe6+ g6 47. Qf6
e2 48. Qf8+ Kh5 49. Qc5+ g5 50. Qf5 e1=Q+ 51. Qf1 Qgf2+ 0-1

[Event "Mistrzostwa Polski Juniorow Mlodszych do lat 14 - OOM Zachodniopomorskie 2023"]
[Site "Darlowek"]
[Date "1899-12-30"]
[Round "6.22"]
[White "Niesyt, Michal"]
[Black "Uhryn, Mateusz"]
[Result "0-1"]
[WhiteTitle "I"]
[BlackTitle "I"]
[WhiteElo "1710"]
[BlackElo "1485"]

1. e4 c5 2. Nf3 Nc6 3. d4 cxd4 4. Nxd4 Nf6 5. Nc3 d6 6. Bc4 Bd7 7. Bb3 Nxd4 8.
Qxd4 g6 9. Nd5 Bg7 10. Bg5 O-O 11. Nxf6+ exf6 12. Bh4 g5 13. Bg3 f5 14. Qd2 f4
15. Bxf4 gxf4 16. O-O-O Qf6 17. c3 f3 18. Kb1 fxg2 19. Rhg1 Bg4 20. Rde1 Bf3 21.
Qd3 Rae8 22. Bd5 Re5 23. Re3 Bh5 24. Rxg2 Bg6 25. Rf3 Rxd5 26. Qe3 Qe6 27. Rxg6
Qxg6 28. Rg3 Rd1+ 29. Kc2 Qh5 30. Rh3 Qc5 31. Kxd1 Qxe3 32. Rxe3 Be5 33. h4 f5
34. Ke2 fxe4 35. Rxe4 Rf4 36. Rxf4 Bxf4 37. Kf3 Be5 38. Ke4 Kf7 39. f4 Bf6 40.
h5 Ke6 41. f5+ Ke7 0-1

[Event "Mistrzostwa Polski Juniorow Mlodszych do lat 14 - OOM Zachodniopomorskie 2023"]
[Site "Darlowek"]
[Date "1899-12-30"]
[Round "6.23"]
[White "Lechowski, Witold"]
[Black "Wolski, Ernest"]
[Result "1/2-1/2"]
[WhiteTitle "I"]
[BlackTitle "II"]
[WhiteElo "1650"]
[BlackElo "1317"]

1. d4 d5 2. Nf3 Nf6 3. c4 c6 4. Nc3 g6 5. g3 dxc4 6. Ne5 Be6 7. Bg2 Bg7 8. O-O
O-O 9. e4 Nbd7 10. f4 Qb6 11. Kh1 Rad8 12. Na4 Qc7 13. Qc2 b5 14. Nc3 a6 15. a4
b4 16. Ne2 a5 17. Nxc4 Bxc4 18. Qxc4 c5 19. dxc5 Qxc5 20. Qb3 Ng4 21. Bf3 Qh5
22. Bxg4 Qxg4 23. Qe3 Nb6 24. e5 Nc4 25. Qf3 Qxf3+ 26. Rxf3 Rd1+ 27. Kg2 f6 28.
b3 fxe5 29. Ra2 Nd6 30. Rc2 Nf5 31. fxe5 Bxe5 32. Rc5 Bd6 33. Rxa5 Rc8 34. Rf1
Rcxc1 35. Raxf5 Rxf1 36. Rxf1 Rc2 37. Kf3 Be5 38. Rd1 Rb2 39. Rd3 1/2-1/2

[Event "Mistrzostwa Polski Juniorow Mlodszych do lat 14 - OOM Zachodniopomorskie 2023"]
[Site "Darlowek"]
[Date "1899-12-30"]
[Round "6.24"]
[White "Zielen, Stanislaw"]
[Black "Kowalski, Witold"]
[Result "0-1"]
[WhiteTitle "II+"]
[BlackTitle "I+"]
[WhiteElo "1356"]
[BlackElo "1662"]

1. d4 Nf6 2. c4 e6 3. Nc3 b6 4. Bg5 Bb4 5. Rc1 Bb7 6. e3 h6 7. Bh4 Bxc3+ 8. Rxc3
d6 9. Nf3 g5 10. Bg3 Ne4 11. Rc1 h5 12. h3 h4 13. Bh2 Nd7 14. Nd2 Nxd2 15. Qxd2
f5 16. b4 Nf6 17. c5 Bd5 18. cxd6 cxd6 19. Bb5+ Ke7 20. Bc6 Rc8 21. Bxd5 exd5
22. f3 Qd7 23. O-O Kf7 24. Rxc8 Rxc8 25. Rc1 Rc4 26. Rxc4 dxc4 27. Qc2 Qe6 28.
Kf2 b5 29. a3 a6 30. Ke2 f4 31. e4 Nd5 32. Kf2 Ne3 33. Qb1 c3 34. e5 c2 35. Qa1
Qc4 0-1

[Event "Mistrzostwa Polski Juniorow Mlodszych do lat 14 - OOM Zachodniopomorskie 2023"]
[Site "Darlowek"]
[Date "1899-12-30"]
[Round "6.25"]
[White "Prokopiuk, Jakub"]
[Black "Werblinski, Wojciech"]
[Result "1-0"]
[WhiteTitle "I"]
[BlackTitle "II"]
[WhiteElo "1562"]
[BlackElo "1253"]

1. e4 c6 2. d4 d5 3. f3 e6 4. Nc3 Bb4 5. Bd2 Ne7 6. a3 Ba5 7. Bd3 Nd7 8. f4 dxe4
9. Nxe4 Bxd2+ 10. Qxd2 Nf5 11. Nf3 Nf6 12. Nxf6+ Qxf6 13. Bxf5 exf5 14. O-O-O
Be6 15. Ne5 O-O-O 16. Qa5 Kb8 17. Rd3 Qe7 18. Re1 Qc7 19. Qb4 f6 20. Nf3 Qxf4+
21. Kb1 Rhe8 22. g3 Qc7 23. Rde3 Qf7 24. b3 Bd5 25. Re7 Rxe7 26. Rxe7 c5 27. Qxc5
Rc8 1-0

[Event "Mistrzostwa Polski Juniorow Mlodszych do lat 14 - OOM Zachodniopomorskie 2023"]
[Site "Darlowek"]
[Date "1899-12-30"]
[Round "6.26"]
[White "Grobelny, Mikolaj"]
[Black "Jagodzinski, Jaromir"]
[Result "1/2-1/2"]
[WhiteTitle "I"]
[BlackTitle "II+"]
[WhiteElo "1577"]
[BlackElo "1473"]

1. d4 d5 2. e4 dxe4 3. f3 e6 4. Nc3 Bb4 5. Bf4 Nf6 6. a3 Bxc3+ 7. bxc3 exf3 8.
Nxf3 O-O 9. Qd2 c5 10. Bd3 cxd4 11. cxd4 Nc6 12. h3 Nd5 13. Bh2 Qa5 14. c4 Qxd2+
15. Kxd2 Nb6 16. Rab1 Na5 17. Rhc1 Nc6 18. Bc7 f6 19. Rc3 Na4 20. Rcc1 Rf7 21.
Bg3 Nb6 22. Re1 Na5 23. Rb4 Bd7 24. Bc7 Nc6 25. Rbb1 Bc8 26. Bg3 f5 27. Ng5 Rf6
28. d5 Na5 29. dxe6 Naxc4+ 30. Kc3 Na5 31. Bb5 a6 32. Rbd1 Bxe6 33. Nxe6 axb5
34. Kb4 Nac4 35. Kxb5 Re8 36. Nc5 Rxe1 37. Rxe1 Nxa3+ 38. Ka5 Nbc4+ 39. Kb4 Nc2+
40. Kxc4 Nxe1 41. Bxe1 b6 42. Nd7 Re6 43. Bc3 f4 44. Ne5 g5 45. Kd5 Re8 46. Ke4
Rc8 47. Be1 Rc2 48. Kf3 h5 49. h4 g4+ 50. Kxf4 Rxg2 51. Nd7 Rg1 52. Bf2 Rf1 53.
Kg3 Kf7 54. Nxb6 Ke6 55. Nc4 Rc1 56. Ne3 Rc3 57. Kf4 Ra3 58. Be1 Kf6 59. Bc3+
Kg6 60. Be1 Kf6 61. Bc3+ Ke6 62. Be1 Ra4+ 63. Kg3 Re4 64. Bd2 Rd4 65. Be1 Rd3
66. Kf4 Rd4+ 67. Kg3 Re4 68. Bd2 Ra4 69. Be1 Ke5 70. Nd1 Ra3+ 71. Kg2 Rd3 72.
Bg3+ Kf5 73. Nf2 Rf3 1/2-1/2

[Event "Mistrzostwa Polski Juniorow Mlodszych do lat 14 - OOM Zachodniopomorskie 2023"]
[Site "Darlowek"]
[Date "1899-12-30"]
[Round "7.1"]
[White "Ratajczak, Hubert"]
[Black "Liskiewicz, Jakub"]
[Result "1/2-1/2"]
[WhiteTitle "I"]
[BlackTitle "I++"]
[WhiteElo "1972"]
[BlackElo "1902"]

1. c4 e6 2. Nf3 Nf6 3. e3 Nc6 4. b3 d5 5. Bb2 Be7 6. d4 O-O 7. a3 Ne4 8. Nc3 f5
9. g3 Bf6 10. cxd5 Nxc3 11. Bxc3 exd5 12. h4 Be6 13. Bd3 a5 14. Qd2 a4 15. bxa4
Ne7 16. a5 Nc8 17. Qb2 Nd6 18. Bb4 c6 19. Nd2 Rf7 20. f3 Qc7 21. f4 c5 22. Rc1
Nc4 23. Bxc4 dxc4 24. Bc3 cxd4 25. exd4 Bd5 26. O-O Re8 27. Qb5 Bc6 28. Qxc4 Re3
29. Kf2 Bb5 30. Qxb5 Rxc3 31. Qe8+ Rf8 32. Qe6+ Kh8 33. Rxc3 Qxc3 34. Nf3 Bxd4+
35. Nxd4 Qxd4+ 36. Qe3 Qd5 37. Re1 Qxa5 38. Qe7 Rg8 39. Qb4 Qc7 40. Re7 1/2-1/2

[Event "Mistrzostwa Polski Juniorow Mlodszych do lat 14 - OOM Zachodniopomorskie 2023"]
[Site "Darlowek"]
[Date "1899-12-30"]
[Round "7.2"]
[White "Suska, Szymon"]
[Black "Bochniak, Franciszek"]
[Result "1/2-1/2"]
[WhiteTitle "I"]
[BlackTitle "I++"]
[WhiteElo "1879"]
[BlackElo "1884"]

1. e4 e5 2. Nc3 Nf6 3. Bc4 Nxe4 4. Qh5 Nd6 5. Qxe5+ Qe7 6. Qxe7+ Bxe7 7. Bb3 O-O
8. Nf3 c6 9. d4 Nf5 10. d5 b6 11. Bf4 Na6 12. O-O-O Bb7 13. Rhe1 Bb4 14. Re5 Ne7
15. Re4 Ng6 16. Rxb4 Nxb4 17. Bd6 Nxd5 18. Nxd5 cxd5 19. Bxf8 Kxf8 20. Bxd5 Bxd5
21. Rxd5 Ke7 22. g3 f6 23. b3 Rc8 24. c4 Nf8 25. Nd4 g6 26. Kc2 a6 27. Kc3 d6
28. Nc2 Ne6 29. Rd3 Nc7 30. Re3+ Kd7 31. Rd3 1/2-1/2

[Event "Mistrzostwa Polski Juniorow Mlodszych do lat 14 - OOM Zachodniopomorskie 2023"]
[Site "Darlowek"]
[Date "1899-12-30"]
[Round "7.3"]
[White "Komendecki, Antoni"]
[Black "Sowinski, Pawel"]
[Result "0-1"]
[WhiteTitle "I++"]
[BlackTitle "FM"]
[WhiteElo "1999"]
[BlackElo "2313"]

1. e4 c5 2. Nf3 e6 3. d4 cxd4 4. Nxd4 Nc6 5. Nxc6 bxc6 6. c4 Nf6 7. Bd3 e5 8. O-O
Be7 9. Be3 O-O 10. c5 Rb8 11. Nd2 d5 12. cxd6 Qxd6 13. Nc4 Qc7 14. f3 Be6 15.
Rf2 Nd7 16. Rc2 Nc5 17. Bf1 Rfd8 18. Qe1 Nd3 19. Bxd3 Rxd3 20. Qe2 Rbd8 21. Rac1
Bb4 22. Kf1 h6 23. a3 Bxc4 24. Rxc4 Bd2 25. Bxd2 Rxd2 26. Rxc6 Qe7 27. Qe3 R8d3
28. Rc7 Qh4 29. Qe1 Qxh2 0-1

[Event "Mistrzostwa Polski Juniorow Mlodszych do lat 14 - OOM Zachodniopomorskie 2023"]
[Site "Darlowek"]
[Date "1899-12-30"]
[Round "7.4"]
[White "Cieslak, Patryk"]
[Black "Kraczek, Cezary"]
[Result "1/2-1/2"]
[WhiteTitle "FM"]
[BlackTitle "I"]
[WhiteElo "2319"]
[BlackElo "1720"]

1. e4 Nf6 2. e5 Nd5 3. d4 d6 4. Nf3 dxe5 5. Nxe5 c6 6. Be2 Bf5 7. O-O Nd7 8. Nf3
e6 9. a3 b5 10. b3 Be7 11. c4 bxc4 12. bxc4 N5f6 13. Be3 O-O 14. Nh4 Be4 15. Nc3
c5 16. Nf3 cxd4 17. Nxd4 Ne5 18. f4 Nc6 19. Nxe4 Nxd4 20. Bxd4 Nxe4 21. Bf3 f5
22. Bxe4 fxe4 23. Qd2 Qc7 24. Qc3 Rad8 25. Kh1 Rxf4 26. Bxg7 Rd3 27. Qe5 Qxe5
28. Bxe5 Rxf1+ 29. Rxf1 e3 30. Re1 e2 31. g3 Rd1 32. Bc3 Bf6 33. Ba5 Bd8 34. Bc3
Bf6 35. Ba5 Bd8 36. Bc3 1/2-1/2

[Event "Mistrzostwa Polski Juniorow Mlodszych do lat 14 - OOM Zachodniopomorskie 2023"]
[Site "Darlowek"]
[Date "1899-12-30"]
[Round "7.5"]
[White "Warchol, Kamil"]
[Black "Przybylski, Jan"]
[Result "1-0"]
[WhiteTitle "FM"]
[BlackTitle "I+"]
[WhiteElo "2103"]
[BlackElo "1671"]

1. e4 e5 2. Bc4 Bc5 3. Nc3 Nc6 4. d3 Nf6 5. f4 d6 6. Nf3 Bg4 7. Na4 Bxf3 8. Qxf3
Nd4 9. Qd1 b5 10. Nxc5 dxc5 11. Bb3 O-O 12. O-O Nxe4 13. dxe4 c4 14. c3 cxb3 15.
cxd4 Qxd4+ 16. Qxd4 exd4 17. axb3 Rfe8 18. Re1 f5 19. e5 Re6 20. Bd2 c5 21. Red1
b4 22. Ra5 Rc6 23. Rc1 Rac8 24. Rxa7 Kf8 25. Kf2 Kg8 26. Rc4 Kf8 27. Kf3 h5 28.
g3 g6 29. h3 Kg8 30. Rd7 Kf8 31. Rd6 Rxd6 32. exd6 Ke8 33. Bxb4 Rb8 34. Bxc5 Rxb3+
35. Ke2 Rxb2+ 36. Kd3 Rb3+ 37. Kxd4 Rxg3 38. Kd5 Rxh3 39. Ke6 Rd3 40. Bd4 1-0

[Event "Mistrzostwa Polski Juniorow Mlodszych do lat 14 - OOM Zachodniopomorskie 2023"]
[Site "Darlowek"]
[Date "1899-12-30"]
[Round "7.6"]
[White "Pycinski, Wladyslaw"]
[Black "Zielonka, Adam"]
[Result "0-1"]
[WhiteTitle "I"]
[BlackTitle "I++"]
[WhiteElo "1942"]
[BlackElo "2100"]

1. d4 Nf6 2. Nf3 b6 3. g3 Bb7 4. Bg2 g6 5. O-O Bg7 6. c4 O-O 7. b3 c5 8. e3 cxd4
9. exd4 d5 10. Bb2 Nc6 11. Nbd2 Rc8 12. Rc1 Qd6 13. Ne5 Rfd8 14. Qe2 e6 15. Ndf3
dxc4 16. bxc4 Nd7 17. Nxc6 Bxc6 18. Rfd1 Re8 19. Qc2 Qb4 20. Qb3 Qa5 21. Re1 Bh6
22. Rb1 Ba4 23. Qd3 Qf5 24. Qxf5 gxf5 25. Bc1 Bg7 26. Bf1 Bc6 27. Ne5 Bxe5 28.
dxe5 Be4 29. Rb5 a6 30. Rb4 Nxe5 31. Be2 Rc6 32. Be3 Bd3 33. Rxb6 Bxe2 34. Rxe2
Rxb6 35. Bxb6 Nxc4 36. Bc7 Rc8 37. Be5 Kf8 38. Bf6 Nd6 39. Be5 Nc4 40. Bf6 Ke8
41. Re1 Kd7 42. Rd1+ Nd6 43. Be5 Rc6 44. Rd4 Ke7 45. Bxd6+ Rxd6 46. Rh4 Rd2 47.
Ra4 Rd6 48. Rh4 Kf6 49. Ra4 e5 50. Kf1 Kg5 51. Ke2 e4 52. Kf1 Re6 53. Kg2 f4 54.
Ra5+ f5 55. gxf4+ Kxf4 56. Kf1 Rd6 57. Ke2 Rb6 58. Kf1 Rc6 59. h3 Rb6 60. Ke2
Rd6 61. Ke1 Rd3 62. Ke2 Rxh3 63. Rxa6 Rh1 64. Rb6 h5 65. Rh6 Kg5 66. Rh8 Ra1 67.
Ra8 Kf4 68. Ra7 h4 69. Ra3 Kg4 70. f3+ exf3+ 71. Kf2 h3 0-1

[Event "Mistrzostwa Polski Juniorow Mlodszych do lat 14 - OOM Zachodniopomorskie 2023"]
[Site "Darlowek"]
[Date "1899-12-30"]
[Round "7.7"]
[White "Lecki, Leonard"]
[Black "Klim, Juliusz"]
[Result "1-0"]
[WhiteTitle "I+"]
[BlackTitle "I+"]
[WhiteElo "1962"]
[BlackElo "1607"]

1. e4 e5 2. Nc3 Nf6 3. f4 d5 4. fxe5 Nxe4 5. d3 Nxc3 6. bxc3 Be7 7. Nf3 O-O 8.
d4 c5 9. Be2 Nc6 10. O-O Bf5 11. Rb1 Qc7 12. Bd3 Bxd3 13. Qxd3 b6 14. Ng5 Bxg5
15. Bxg5 cxd4 16. cxd4 Qd7 17. c3 h6 18. Bc1 Na5 19. Rb2 Nc4 20. Rbf2 Rac8 21.
Bxh6 gxh6 22. Rf6 Rc6 23. Qg3+ Kh7 24. Qh4 Rxf6 25. Rxf6 1-0

[Event "Mistrzostwa Polski Juniorow Mlodszych do lat 14 - OOM Zachodniopomorskie 2023"]
[Site "Darlowek"]
[Date "1899-12-30"]
[Round "7.8"]
[White "Gawlik, Olivier"]
[Black "Bartodziej, Bartosz"]
[Result "0-1"]
[WhiteTitle "II+"]
[BlackTitle "I"]
[WhiteElo "1412"]
[BlackElo "1936"]

1. e4 c5 2. Nf3 d6 3. c3 Nf6 4. h3 Nc6 5. Bd3 d5 6. e5 Nd7 7. Bb5 Qb6 8. Bxc6 Qxc6
9. d4 e6 10. O-O Be7 11. Re1 b6 12. Bg5 Bxg5 13. Nxg5 h6 14. Nf3 Ba6 15. Na3 Nf8
16. Nc2 Ng6 17. Qd2 O-O 18. g3 Rac8 19. Rac1 Rc7 20. Ne3 Rfc8 21. Kg2 Qa4 22.
h4 cxd4 23. cxd4 Rxc1 24. Rxc1 Rxc1 25. Qxc1 Qxa2 26. h5 Nf8 27. Qd2 Qb1 28. Ne1
Qe4+ 29. f3 Qb1 30. Qc3 Qa2 31. f4 Qb1 32. Kf2 Qe4 33. Nf3 Qd3 34. Qxd3 Bxd3 35.
Ne1 Be4 36. N1c2 Bxc2 37. Nxc2 Nd7 38. Ke3 Nb8 39. Kd3 Nc6 40. Kc3 Kf8 41. g4
Ke8 42. g5 Ne7 43. gxh6 gxh6 44. Kb4 a6 45. Ne3 Kd7 46. Kc3 Kc6 47. Kb4 b5 48.
Ng4 Nf5 49. Ka5 Kb7 50. Kb4 Kb6 51. b3 a5+ 52. Ka3 b4+ 53. Kb2 Kb5 0-1

[Event "Mistrzostwa Polski Juniorow Mlodszych do lat 14 - OOM Zachodniopomorskie 2023"]
[Site "Darlowek"]
[Date "1899-12-30"]
[Round "7.9"]
[White "Zareba, Piotr"]
[Black "Kania, Franciszek"]
[Result "1/2-1/2"]
[WhiteTitle "I+"]
[BlackTitle "I"]
[WhiteElo "1690"]
[BlackElo "1875"]

1. c4 c5 2. Nc3 Nc6 3. g3 g6 4. Bg2 Bg7 5. e3 e5 6. Nge2 Nge7 7. a3 O-O 8. O-O
d6 9. Rb1 Be6 10. Nd5 Rb8 11. Nec3 Qd7 12. b4 b6 13. b5 Na5 14. Nxe7+ Qxe7 15.
Nd5 Qd7 16. d3 h6 17. Bd2 Nb7 18. a4 f5 19. Rb3 Na5 20. Bxa5 bxa5 21. Qd2 Qd8
22. Rfb1 Kh7 23. Re1 Bxd5 24. Bxd5 Qb6 25. Rbb1 Rbd8 26. Re2 Rfe8 27. e4 f4 28.
Kg2 Rf8 29. f3 g5 30. Be6 Bf6 31. Bf5+ Kg7 32. g4 Rh8 33. Rh1 Rdf8 1/2-1/2